| 000 | 01491nam a2200205Ia 4500 | ||
|---|---|---|---|
| 999 |
_c56571 _d56571 |
||
| 001 | 23685 | ||
| 003 | GE_BSU | ||
| 005 | 20260317171553.0 | ||
| 008 | 181216s2007||||ge |||||||||||||| ||geo|| | ||
| 040 | _cGE_BSU | ||
| 041 | _ageo | ||
| 080 | _a63(479.22)(094.4) ს-32 | ||
| 245 |
_aსაქართველოს სანიმუშო სასოფლო-სამეურნეო პრაქტიკის კოდექსი / _cდოკუმენტზე მუშ. ექსპერტები ბედოშვილი, დ. გოგიჩაიშვილი, გ. და სხვ. ; საქ. სოფლის მეურნეობის სამინისტრო. საქ. გარემოს დაცვისა და ბუნებრ. რესურსების სამინისტრო. |
||
| 264 |
_aთბილისი : _bსაქ. სოფლის მეურნ. სამ-რო, _c2007. |
||
| 300 |
_a84 გვ. : _bილ. ; _c21სმ. |
||
| 541 | _h5 ლ. | ||
| 653 | _aსაქართველოს სანიმუშო სასოფლო-სამეურნეო პრაქტიკის კოდექსი | ||
| 710 |
_aსაქ. სოფლის მეურნეობის სამინისტრო _bსაქ. გარემოს დაცვისა და ბუნებრ. რესურსების სამინისტრო _927152 |
||
| 942 |
_cBK _2udc |
||